000 00646nam a2200193 a 4500
003 PILC
005 20150112093437.0
008 100727s19uu xx 00 eng d
020 _a9712332349
050 _aKPM 856
_b.P45 2001
082 _aMkSFf 658.8421
_bP54 2001
100 _aSalao, Ernesto C., editor
_916547
245 _aThe philippine e-commerce act and other related laws and issuances (with the rule on electronic evidence)
260 _aQuezon City, Philippines :
_bRex Bokstore, Inc,
_c2001.
300 _a92 pages :
_c18 cm.
650 _aElectronic commerce
_916126
650 _aBusiness - Technology
_916548
942 _2lcc
_cBK
999 _c14604
_d14604